MARC

LEADER 00000nam0a2200000 4500
001 41825
005 20231101210717.0
010 |a 5938780578 
035 |a (RuTPU)RU\TPU\book\42967 
090 |a 41825 
100 |a 20020703d2002 km y0rusy50 ca 
101 1 |a rus  |c eng 
102 |a RU 
105 |a a z 001zy 
200 1 |a Детская психология  |a Тайны психики ребенка  |e пер. с англ.  |f Р. Кайл 
205 |a 3-е междунар. изд. 
210 |a Санкт-Петербург  |c Прайм-ЕВРОЗНАК  |c Нева  |a Москва  |c Олма-Пресс  |d 2002 
215 |a 416 с.  |c ил. 
225 1 |a Психологическая энциклопедия 
320 |a Глоссарий: с. 389-401. 
320 |a Литература: с. 402-413. 
606 |a Детская психология  |2 stltpush  |3 (RuTPU)RU\TPU\subj\9361  |9 36621 
610 1 |a дети 
610 1 |a ребенок 
610 1 |a развитие 
610 1 |a генетические основы 
610 1 |a генетика 
610 1 |a наследственность 
610 1 |a новорожденные 
610 1 |a внутриутробное развитие 
610 1 |a роды 
610 1 |a физическое развитие 
610 1 |a нервная система 
610 1 |a сенсорное развитие 
610 1 |a перцептивное развитие 
610 1 |a когнитивное развитие 
610 1 |a память 
610 1 |a обучение 
610 1 |a интеллект 
610 1 |a языки 
610 1 |a общение 
610 1 |a эмоции 
610 1 |a темперамент 
610 1 |a самооценка 
610 1 |a моральное сознание 
610 1 |a поведение 
610 1 |a агрессия 
610 1 |a пол 
610 1 |a гендерные роли 
610 1 |a семья 
610 1 |a энциклопедии 
610 1 |a гендерные стереотипы 
686 |a Ю98  |v LBC/SL-A  |2 rubbk 
700 1 |a Кайл  |b Р.  |g Роберт 
801 1 |a RU  |b 63413507  |c 20020703  |g PSBO 
801 2 |a RU  |b 63413507  |c 20180518  |g PSBO 
942 |c BK